00342pab a2200121 454500008004000000100001800040245008100058260000900139300001200148362001200160650002500172773002300197180718b1999 xxu||||| |||| 00| 0 eng d aRajain, Arpit aPromoting cooperation through growth triangles and quadrangles in South Asia c1999 ap.63-74 aJan-Jun aregional cooperation aSouth Asian Survey